| 000 | 00508nam a2200145Ia 4500 | ||
|---|---|---|---|
| 008 | 090122s9999 xx 000 0 und d | ||
| 082 |
_b3599 _aR43(M) |
||
| 100 |
_aपवार _bशरद |
||
| 245 | _aमहाराष्ट्र : एक दृष्टीकोन | ||
| 600 | _aपवार | ||
| 630 | _aमहाराष्ट्र : एक दृष्टीकोन | ||
| 700 | _aपवार | ||
| 730 | _aमहाराष्ट्र : एक दृष्टीकोन | ||
| 942 | _cBOOK | ||
| 999 |
_c27677 _d27677 |
||